000 00416nam a2200169Ia 4500
008 230524s9999 xx 000 0 und d
020 _a9789327216998
082 _bSAM
100 _aSusanta Kumar Samal
_942840
245 2 _aA Text Book Of Strength of Materials
250 _a1
260 _aNew Delhi
_bkalyani pub
_c2012
300 _a391p;
500 _aQuantity Number: 1
650 _aCivil
942 _cBK
999 _c57814
_d57814